Loading...

പ്രേമലേഖനം /

Bibliographic Details
Main Author: മുഹമ്മദ് ബഷീർ, വൈക്കം 1908-1994
Format: Printed Book DAISY Digital Talking Book
Language:Malayalam
Published: കോട്ടയം : ഡി.സി.ബുക്‌സ് , 1982. 1995. 1995 1982. c2014. 2011.
തൃശൂർ : കറന്റ് ബുക്‌സ് , 1963.
Subjects:
LEADER 02328nam a2200361Ia 4500
008 111205s1963 ii 000 f mal d
020 |a 8171300243 
020 |a 9788126436132 
020 |a 9788126452286 
020 |a 9788171300242 
041 |a mal 
082 |a 853.23 
100 1 |a മുഹമ്മദ് ബഷീർ, വൈക്കം  |d 1908-1994  |9 1579385 
245 |a പ്രേമലേഖനം /  |c വൈക്കം മുഹമ്മദ് ബഷീർ 
246 |a Premalekhanam 
260 |b ഡി.സി.ബുക്‌സ് ,  |a  കോട്ടയം :  |c 1982.  |c 1995.  |c 1995  |c 1982.  |c c2014.  |c 2011. 
260 |b കറന്റ് ബുക്‌സ് ,   |a തൃശൂർ :  |c 1963. 
300 |a 56 Pages 
300 |a 72 Pages 
300 |a 51 Pages 
653 |a Malayalam Novel 
942 |c BK 
999 |c 207462  |d 207462 
952 |0 1  |1 0  |4 0  |7 0  |9 71245  |a UL  |b UL  |c ST1  |d 1998-09-15  |l 0  |p 1133  |r 2012-10-27  |w 2012-10-27  |y BK 
952 |0 0  |1 0  |4 0  |6 853_191000000000000_PRE_M  |7 0  |9 98394  |a UL  |b UL  |c ST1  |d 2013-01-31  |e 2  |g 19.60  |l 38  |m 7  |o 853.191 PRE M  |p 88454  |r 2021-12-10  |s 2021-10-01  |v 28.00  |y BK 
952 |0 0  |1 0  |4 0  |7 0  |9 118115  |a UL  |b UL  |c PROC  |d 2016-07-14  |l 0  |p DB79  |r 2016-07-14  |w 2016-07-14  |y DTB 
952 |0 0  |1 0  |2 ddc  |4 0  |6 853_230000000000000_PRE  |7 0  |9 228251  |a MAL  |b MAL  |c ST1  |d 2011-12-05  |g 1.00  |l 2  |o 853.23 PRE  |p MAL769  |r 2013-07-07  |s 2013-07-04  |v 1.00  |y BK 
952 |0 0  |1 0  |2 ddc  |4 0  |6 853_230000000000000_PRE  |7 0  |9 229451  |a MAL  |b MAL  |c ST1  |d 2011-12-05  |g 5.00  |l 0  |o 853.23 PRE  |p MAL17012  |r 2011-12-05  |v 5.00  |w 2011-12-05  |y BK 
952 |0 0  |1 0  |2 ddc  |4 0  |6 853_230000000000000_PRE  |7 0  |9 255593  |a MAL  |b MAL  |c ST1  |d 2012-06-18  |g 14.00  |l 10  |o 853.23 PRE  |p MAL33112  |r 2021-10-26  |s 2021-10-12  |w 2012-06-18  |y BK 
952 |0 0  |1 0  |4 0  |6 M_813_000000000000000_BAS_P  |7 0  |9 306413  |a ASC  |b ASC  |c ST1  |d 2011-12-30  |g 0.00  |l 0  |o M813 BAS/P  |p ASC1227  |r 2018-08-20  |w 2018-08-20  |y BK 
952 |0 0  |1 0  |2 ddc  |4 0  |6 M_813_000000000000000_MUH_PR  |7 0  |9 353007  |a DRA  |b DRA  |c ST1  |d 2015-09-23  |i 8968  |l 7  |m 1  |o M 813 MUH/PR  |p DRA8968  |q 2021-12-17  |r 2021-10-07  |s 2021-10-07  |v 40.00  |w 2015-09-23  |y BK 
952 |0 0  |1 0  |2 ddc  |4 0  |6 741_500000000000000_MUH_PR  |7 0  |9 353698  |a DRA  |b DRA  |c ST1  |d 2016-10-22  |i 9636  |l 1  |o 741.5 MUH/PR  |p DRA9636  |r 2017-01-31  |s 2017-01-30  |v 120.00  |w 2016-10-22  |y BK 
952 |0 0  |1 0  |2 ddc  |4 0  |6 853_000000000000000_BAS_P  |7 0  |9 384330  |a RUS  |b RUS  |c ST1  |d 2019-05-25  |l 0  |o 853 BAS/P  |p RUS4675  |r 2019-05-25  |w 2019-05-25  |y BK